Call them Canadians ; a photographic point of view /

Bibliographic Details
Corporate Author: National Film Board of Canada
Other Authors: Monk, Lorraine (Editor), Waddington, Miriam
Format: Book
Language:English
Published: Ottawa : Queen's Printer, 1968.
Subjects:

MARC

Tag First Indicator Second Indicator Subfields
LEADER 00000cam a2200000 4500
001 in00001010021
005 20150927215921.0
008 700404s1968 oncc 00110 eng
010 |a  75455788  
015 |a CG68-1247 
035 |a (OCoLC)00065376 
035 |9 AFD6621AM 
040 |a DLC  |c DLC  |d m.c.  |d TXA  |d UtOrBLW 
049 |a TXAM 
050 0 0 |a F1027  |b .C217 
082 0 |a 917.1/03/640222 
110 2 |a National Film Board of Canada. 
245 1 0 |a Call them Canadians ;  |b a photographic point of view /  |c produced by the National Film Board of Canada. Editor: Lorraine Monk. Poems: Miriam Waddington. Designer: Leslie Smart. 
264 1 |a Ottawa :  |b Queen's Printer,  |c 1968. 
300 |a 245 pages (chiefly ports.) ;  |c 31 cm. 
336 |a text  |b txt  |2 rdacontent 
337 |a unmediated  |b n  |2 rdamedia 
338 |a volume  |b nc  |2 rdacarrier 
650 0 |a National characteristics, Canadian. 
700 1 |a Monk, Lorraine,  |e editor. 
700 1 |a Waddington, Miriam. 
999 |a MARS 
999 f f |s 52339e96-de56-3f83-b29f-0972bdcd97d6  |i 51d62687-bc9b-301a-abda-cc184858bb8b  |t 0 
952 f f |p ric  |a Texas A&M University  |b Rellis Campus  |c Joint Library Facility  |d Remote Storage  |t 0  |e F1027 .C217  |h Library of Congress classification  |i unmediated -- volume  |m A14814340825 
998 f f |a F1027 .C217  |t 0  |l Remote Storage